000
00280nam a22001097a 4500
008
170110b xxu||||| |||| 00| 0 eng d
020
_a
9780803606074
041
_a
eng
080
_a
618.2
245
_a
COMMUNITY-BASED NURSING PRACTICE
_c
SORRELL, J.M 7 REDMOND, G.M
942
_2
udc
_c
BK
999
_c
2609
_d
2609